Word Ladder: Frosty Quiz Stats

Quiz Updated Dec 21, 2015

Challenge
Share
Tweet
Embed
Score 0/28 Timer 03:00
1 Play Today
Clue 4-Letter Word % Correct
⛄ Frosty was made of ____SNOW
99.8%
Like the tortoiseSLOW
97.4%
🎄 Two eyes made out of ____ 🎄COAL
94.4%
Vegetarian's avoidanceMEAT
94.3%
🎁 Have some fun now before I ____ away 🎁MELT
92.8%
The octagonal signSTOP
92.6%
Watery castle protectorMOAT
92.3%
Outdoor winter coveringCOAT
92%
Meal for pigsSLOP
92%
Chicken penCOOP
91.8%
BoutiqueSHOP
91.7%
Mince or cutCHOP
91.2%
❉ With a ____cob pipe and a button nose ❉CORN
90.8%
🏂 Children say he could laugh and ____ 🏂PLAY
90.7%
Clue 4-Letter Word % Correct
Frosty or 'hip'COOL
90.5%
Start to look pregnantSHOW
89.7%
Monetary flipping objectCOIN
89.4%
Pack in the overhead binSTOW
87.8%
Shed old feathersMOLT
86.9%
MurderSLAY
86.8%
Handed response to an insultSLAP
86.7%
Metal arranged in a spiralCOIL
86.2%
Mr. ____: Homer Simpson's winter job titlePLOW
85.8%
Earthworms' homeSOIL
84.9%
Poetic term for dawnMORN
84.6%
🎅 Frosty was a jolly happy ____ 🎅SOUL
84.5%
Devious tacticPLOY
84.2%
Family Guy pharmacistMORT
81.6%

Today's Daily Dose

Missing Word
Law Misconceptions

Word Ladder
Easy Math

On This Day
January 20th

You're not logged in!

Compare scores with friends on all Sporcle quizzes.
Sign Up with Email
OR
Log In

You Might Also Like...

Show Comments

Extras

Top Quizzes Today


Score Distribution

Your Account Isn't Verified!

In order to create a playlist on Sporcle, you need to verify the email address you used during registration. Go to your Sporcle Settings to finish the process.